书目信息 |
| 题名: |
银河铁道之夜
|
|
| 作者: | 宫泽贤治 著 ;王新禧 译 | |
| 分册: | ||
| 出版信息: | 南京 江苏凤凰文艺出版社 2018 |
|
| 页数: | 254页 | |
| 开本: | 22cm | |
| 丛书名: | ||
| 单 册: | ||
| 中图分类: | I313.88 | |
| 科图分类: | ||
| 主题词: | 童话--作品集--日本--现代 | |
| 电子资源: | ||
| ISBN: | 978-7-5594-1787-9 | |
| 000 | 00730nam0 2200253 450 | |
| 001 | 0034817522 | |
| 005 | 20180728155403.0 | |
| 010 | @a978-7-5594-1787-9@b@dCNY36.00 | |
| 100 | @a20180716d2018 em y0chiy50 ea | |
| 101 | 1 | @achi@cjpn |
| 102 | @aCN@b320000 | |
| 105 | @ay z 000fy | |
| 106 | @ar | |
| 200 | 1 | @a银河铁道之夜@9yin he tie dao zhi ye@f(日)宫泽贤治著@g王新禧译 |
| 210 | @a南京@c江苏凤凰文艺出版社@d2018 | |
| 215 | @a254页@c@d22cm | |
| 300 | @a读客精神成长文库 010 | |
| 606 | 0 | @a童话@x作品集@y日本@z现代 |
| 690 | @aI313.88@v5 | |
| 701 | 0 | @c(日)@a宫泽贤治@9gong ze xian zhi@4著 |
| 702 | 0 | @a王新禧@9wang xin xi@4译 |
| 801 | 0 | @aCN@bMUSE@c20181206@g |
| 905 | @aBZT@dI313.88@e1 | |
| 906 | @dCNY36.00@n3@r1 | |
| 银河铁道之夜/(日)宫泽贤治著/王新禧译.-南京:江苏凤凰文艺出版社,2018 |
| 254页;22cm |
| 读客精神成长文库 010 |
| ISBN 978-7-5594-1787-9:CNY36.00 |
| ● |
| 相关链接 |
|
|
|
正题名:银河铁道之夜
索取号:I313.88/1
 
预约/预借
| 序号 | 登录号 | 条形码 | 馆藏地/架位号 | 状态 | 备注 |
| 1 | 858217 | 2000858217 | 第一书库/ [索取号:I313.88/1] | 在馆 | |
| 2 | 858218 | 2000858218 | 第一书库/ [索取号:I313.88/1] | 在馆 | |
| 3 | 858219 | 2000858219 | 第一书库/ [索取号:I313.88/1] | 在馆 |